[Event "NED-ch Women 2021"]
[Site "Hoogeveen"]
[Date "2021.10.20"]
[Round "4.2"]
[White "Keetman, Maaike"]
[Black "Peng, Zhaoqin"]
[Result "1-0"]
[WhiteElo "2145"]
[BlackElo "2359"]
[Annotator "TA"]
[PlyCount "113"]
[EventDate "2021.10.17"]
[EventType "tourn"]
[EventCountry "NED"]
[SourceTitle "playchess.com"]
[Source "ChessBase"]
[SourceQuality "1"]

{[%evp 9,113,15,10,12,20,21,24,-16,64,68,50,60,55,60,87,81,112,107,191,81,86,60,79,58,96,39,67,38,37,18,182,189,198,168,168,152,152,161,361,210,207,165,169,15,35,0,35,36,42,16,12,16,164,62,58,60,70,38,72,87,72,18,10,29,64,64,77,67,68,70,70,63,65,63,63,63,63,62,62,62,63,0,0,0,63,63,63,63,66,63,69,71,309,238,277,262,243,226,388,388,279,262,12840,12840,12842,12841]} 1. e4 c6 2. Nc3 d5 3. Nf3 Nf6 4. e5 Ne4 5. Ne2 Qb6 {[%csl Ge4][%cal Rb6f2]} 6. d4 {B11: Caro-Kann: Two Knights Variation.} e6 7. Ng3 c5 8. Bd3 {White has an edge.} cxd4 (8... Nxg3 $1 $11 9. hxg3 cxd4) 9. Nxe4 $14 dxe4 10. Bxe4 Bb4+ 11. Bd2 {[#]} Bc5 $146 ({Predecessor:} 11... Nc6 12. O-O Bc5 13. b4 Be7 14. Rb1 a6 15. Bxc6+ Qxc6 16. Nxd4 Qd5 17. Qg4 Qxe5 {½-½ (57) Lou,Y (2462)-Yuan,Q (2393) Shenzhen 2017}) 12. O-O a5 13. Ng5 Qc7 (13... Nd7 $16 {keeps fighting.}) 14. f4 (14. Nxh7 $18 {has better winning chances. aiming for Qh5.} Nc6 15. Qh5) 14... g6 $16 15. Bf3 Bd7 16. Ne4 Bb5 17. Nf6+ ({White should try} 17. Rf2 $16) 17... Kf8 $14 18. Re1 (18. f5 $5 Bxf1 19. Bh6+ Ke7 20. Qxf1 gxf5 21. Bg5 $11) 18... Nd7 19. f5 {Bh6+ is the strong threat.} h6 $2 (19... Nxe5 $2 20. Kh1 $18) (19... Nxf6 $11 20. exf6 gxf5) 20. fxe6 fxe6 21. Be4 Nxe5 22. Bf4 {Hoping for Bd3.} Bd6 23. a4 (23. Qxd4 $2 Bc5 $19) 23... Kg7 $2 (23... Bc4 24. Bxb7 (24. Qxd4 Bc5 $17) 24... Qxb7) 24. axb5 (24. Ng4 $142) 24... Kxf6 $18 25. Bxe5+ ({Not} 25. Qxd4 $2 Bc5 $19) 25... Bxe5 26. Rf1+ $2 ({Weaker is} 26. Qg4 Bxh2+ 27. Kf2 (27. Kh1 Qg3 $15) 27... Qf4+ 28. Qxf4+ Bxf4 $11) (26. Kh1 $18) 26... Ke7 $1 $11 27. Bxg6 Raf8 28. Qh5 Bf4 29. Kh1 Qe5 $1 30. Qf3 Qc7 {[#]} (30... Qxb5 $11 31. Bd3 Qc6) 31. Qa3+ (31. Qe4 $1 $18) 31... Bd6 $14 32. Qh3 $36 {[%mdl 2048] White has good play.} Qc5 33. Rae1 Qe5 34. Qh4+ Kd7 35. Rf7+ (35. Bf7 $16 Qxb5 36. Qxd4) 35... Rxf7 $11 36. Bxf7 Qf4 37. Bxe6+ Kc7 38. Qxf4 Bxf4 $16 {[%mdl 4096] Endgame KRB-KRB} 39. g3 Be3 40. Rf1 Kd6 41. Bc4 Kc5 42. Bd3 a4 $1 43. Rf5+ Kb6 44. Rf6+ Kc5 {Black wants to play ...Bc1.} 45. Rf5+ (45. Rf1 $1 $14) 45... Kb6 $1 $11 46. Rf1 ({Better is} 46. Rf6+ $11 Ka5 47. Rf7) 46... Kc5 $1 $14 47. Kg2 Rd8 48. h4 b6 49. g4 Rg8 50. Kg3 Rg7 $2 (50... Kb4 $16) 51. Rf8 Rc7 52. g5 {And now g6 would win.} hxg5 53. hxg5 Rg7 $2 (53... Bc1 {might work better.} 54. g6 Kd5) 54. g6 $18 Bc1 55. Rc8+ Kb4 $2 (55... Kd5 56. Rc6 Rb7 57. Bc4+ Ke4) 56. Rc4+ {[%mdl 64] [#] Double Attack} Kxb5 57. Rc7+ {[%mdl 64] Discovered Attack.  Weighted Error Value: White=0.24/Black=0.33} 1-0

[Event "NED-ch Women 2021"]
[Site "Hoogeveen"]
[Date "2021.10.20"]
[Round "4.3"]
[White "Roebers, Eline"]
[Black "Haast, Anne"]
[Result "0-1"]
[WhiteElo "2283"]
[BlackElo "2310"]
[Annotator "TA"]
[PlyCount "56"]
[EventDate "2021.10.17"]
[EventType "tourn"]
[EventCountry "NED"]
[SourceTitle "playchess.com"]
[Source "ChessBase"]
[SourceQuality "1"]

{[%evp 12,56,25,22,77,66,75,57,79,79,108,65,62,58,57,50,106,97,112,104,123,129,119,115,101,77,93,68,95,41,48,24,54,58,84,0,0,-128,-100,-339,-75,-485,-470,-470,-463,-456,-445]} 1. e4 c5 2. Nf3 e6 3. d4 cxd4 4. Nxd4 Nc6 5. Nc3 a6 6. Bf4 d6 7. Bg3 {[#]} Nxd4 $146 {B46: Sicilian: Taimanov: 5 Nc3 a6.} (7... Nf6 $11) ({Predecessor:} 7... e5 8. Nxc6 bxc6 9. Bc4 Nf6 10. Qd3 Be7 11. O-O-O O-O 12. Bh4 Ne8 13. Bxe7 Qxe7 14. Qe3 Be6 15. Bb3 {0-1 (28) Grigoriants,S (2574)-Alekseev,E (2692) Yerevan 2014}) 8. Qxd4 $16 e5 9. Qe3 h5 {White must now prevent ...h4.White is slightly better.} 10. O-O-O Qa5 {Threatens to win with ...h4.} 11. f3 Be6 12. Kb1 Rc8 13. Nd5 Qa4 ({Black should play} 13... Ne7 $14) 14. b3 Qc6 15. c4 Ne7 16. f4 h4 17. Bf2 exf4 18. Nxf4 Ng6 19. Nxg6 fxg6 20. Bd3 (20. Qd4 $16) 20... Be7 $14 21. e5 O-O 22. exd6 ({Stronger than} 22. Bxg6 Qxg2 23. Bg3 Rf3 $19) 22... Qxd6 23. Rhe1 (23. Bxg6 $16 Qc6 24. Be1) 23... Bg4 $11 24. Rd2 {[#]} (24. Qxe7 $11 Qxe7 25. Rxe7 Bxd1 26. Bxh4) 24... Qb4 $1 $17 {Strongly threatening ...Bc5.} 25. Kc2 $2 {[#]} (25. Rf1 $17 {is a better defense.}) (25. Rc1 Bc5) 25... Bc5 $2 (25... Bf6 $1 $19 {and Black stays clearly on top. ( -> ...Qc3+)} 26. Bxg6 Qa5) 26. Qg5 $2 {[%mdl 8192]} (26. Qe4 $17 {nothing else works.} Bxf2 27. Qxg4 Bxe1 28. Qe6+ Kh8 29. Qxe1) 26... Rxf2 $19 {[%mdl 64] Remove Defender. Black is clearly winning.} ({Not} 26... Bxf2 27. Rf1 $15) 27. Rxf2 Qxe1 28. Rf1 Qe6 {Weighted Error Value: White=0.82/Black=0.26} 0-1

[Event "NED-ch Women 2021"]
[Site "Hoogeveen"]
[Date "2021.10.20"]
[Round "4.4"]
[White "Ratsma, Rosa"]
[Black "Kazarian, Anna-Maja"]
[Result "1/2-1/2"]
[WhiteElo "2297"]
[BlackElo "2125"]
[Annotator "TA"]
[PlyCount "184"]
[EventDate "2021.10.17"]
[EventType "tourn"]
[EventCountry "NED"]
[SourceTitle "playchess.com"]
[Source "ChessBase"]
[SourceQuality "1"]

{[%evp 12,184,36,36,32,31,14,18,26,24,53,0,29,33,30,22,37,14,44,44,44,18,32,8,9,0,0,0,0,-4,0,-21,0,0,0,4,459,455,472,0,0,-12,-10,-20,-19,-18,-15,-12,0,-13,-7,-26,-22,-21,-24,-37,-10,-11,0,-22,-12,-25,-22,-36,-7,-14,103,104,105,130,169,171,195,86,133,0,267,227,322,310,361,307,307,292,362,104,137,81,79,81,80,81,79,81,81,81,81,81,81,79,137,145,138,112,140,0,0,0,0,0,18,0,18,0,0,0,0,0,0,0,0,0,0,0,0,0,0,0,0,0,0,0,0,0,0,0,0,0,0,0,0,0,0,0,0,0,0,0,0,0,196,204,204,0,0,0,0,0,0,0,0,0,0,0,0,0,0,0,0,0,0,0,0,0,0]} 1. e4 c5 2. Nf3 e6 3. d4 cxd4 4. Nxd4 Nf6 5. Nc3 Nc6 6. Bf4 Bc5 7. Ndb5 O-O {B45: Sicilian Four Knights.} 8. Bc7 Qe7 9. Bd6 Bxd6 10. Qxd6 Qd8 11. Qd2 (11. Nc7 $14 Rb8 12. Be2) 11... a6 12. Nd6 b5 {[#]} 13. a3 $146 ({Predecessor:} 13. a4 b4 14. Nd1 b3 15. c3 Qc7 16. Be2 Bb7 17. O-O Na5 18. Qd4 Nc6 19. Qc5 {½-½ (35) Deac,B (2572)-Motylev,A (2669) Batumi 2018}) 13... Qc7 14. Be2 Bb7 15. O-O (15. O-O-O {seems wilder.} Na5 16. Kb1 Bc6 17. h4 Nb7 18. e5) 15... Ne8 16. Nxb7 Qxb7 17. f4 d6 18. Kh1 Rd8 19. Rad1 Nf6 20. Bd3 Qb6 21. Qe1 Qc5 22. Qg3 e5 23. Nd5 Nh5 {[%mdl 8192]} (23... Nxd5 $11 {and Black stays safe.} 24. exd5 Ne7) 24. Qh4 $18 Nxf4 25. b4 $2 (25. Rxf4 $18 {White threatens Nf6+! and mate.} exf4 26. Nf6+ gxf6 27. e5 h5 28. Qxh5 Rfe8 29. Qh7+ Kf8 30. exf6) 25... Qa7 $1 $11 26. Nxf4 exf4 27. e5 {[%csl Gd3][%cal Rh4h7]} g6 28. exd6 Rxd6 29. Qxf4 Rfd8 30. Rde1 Nd4 31. Qh6 Ne6 32. Rf3 Qd4 33. Rfe3 Qf6 34. Rf3 Qd4 35. Ref1 R6d7 36. Rf6 Qe5 37. Qh3 Kg7 38. Qf3 {[%cal Rf6f7]} Ng5 (38... Rf8 $11) 39. Qf2 $16 Rf8 40. Rxa6 Ne6 41. h3 Rb8 42. Re1 (42. Ra5 $1 $18) 42... Qg5 43. Rf1 (43. Ra5 $16) 43... h5 $2 {[%mdl 8192]} (43... Qe5 $1 $11 {and Black is okay.}) 44. Ra5 $18 Rbb7 (44... f5 {was necessary.} 45. Qe2 (45. Rxb5 Rxb5 46. Bxb5 Rd2 $16) (45. Bxb5 Rd2 $16) 45... Nc7 46. Rxb5 (46. Bxb5 Re7 $18) 46... Rxb5) 45. a4 Rd5 {Now ...bxa4 and Black clings on.} 46. axb5 Rd4 47. b6 Qe7 48. Re5 $2 (48. Ra7 $18 {has better winning chances.} Rxb4 49. Rxb7 {[%mdl 64] Overworked Piece} Qxb7 50. Qf6+ Kh7 51. Bxg6+ $1 {[%mdl 576] Deflection} fxg6 52. Qxe6 Qxb6 53. Qe7+ Kh6 54. Qf8+ Kg5 55. g3) 48... Rxb4 $16 {[#]} 49. Bxg6 $1 {[%mdl 512]} fxg6 {[#]} 50. Rxe6 {[%mdl 64] Remove Defender, Deflection} Qxe6 51. Qf8+ {[%mdl 64] Double Attack} Kh7 52. Qxb4 {Strongly threatening Rb1.} Rxb6 {[%mdl 4096] Endgame KQR-KQR} 53. Qf8 Rb7 54. Qf4 Qc6 55. c4 Rc7 ({Better is} 55... Rd7) 56. Rd1 Re7 57. Rd8 Qe4 {[#]} 58. Qxe4 ({But not} 58. Qf8 $6 Qe1+ 59. Kh2 Qe5+ 60. Kh1 Qe1+ 61. Kh2 Qe5+ 62. Kh1 Qe1+ $11) (58. Qf6 $1 $16 {[%csl Gd8][%cal Rf6h8]} Qe1+ 59. Kh2 Qe5+ 60. Qxe5 Rxe5 61. Kg3) 58... Rxe4 {KR-KR} 59. Rd7+ Kh6 60. c5 Re1+ 61. Kh2 h4 62. c6 Rc1 63. Rc7 g5 64. Rc8 Kg7 65. g4 hxg3+ 66. Kxg3 {Black must now prevent c7.} Rc3+ 67. Kg4 Kg6 68. c7 {Intending Rg8+ and mate.} (68. Rc7 {seems wilder.} Kf6 69. Rc8 Kg6) 68... Rc4+ 69. Kf3 {Threatening mate with Rg8+.} Kg7 70. Ke3 Rc1 71. Ke4 Rc2 72. Kf5 Rc5+ 73. Kg4 {Hoping for Kf3.} Kh7 $1 74. Kf3 Kg7 75. Ke4 {aiming for Kd4.} Rc1 76. Kd5 {And now Ke6 would win.} Rd1+ (76... Rc3 {feels hotter.} 77. Kd6 Rd3+ 78. Ke5 Rc3 79. Ke6 Rc1) 77. Ke6 Rc1 78. Ke5 {Threatens to win with Kd5.} (78. Kd6 {looks sharper.} Rd1+ 79. Ke5 Rc1 80. Ke6 Rc3 81. h4) 78... Rc2 79. Kf5 (79. Kd6 {keeps more tension.} Rd2+ 80. Kc5 Rc2+ 81. Kb6 Rb2+ 82. Ka6) 79... Rc5+ 80. Kg4 $2 (80. Ke6 $11 Rc3 81. Kd6 Rd3+ 82. Ke6) 80... Kh7 $1 $18 81. Kh5 Kg7 {[#]} 82. Ra8 $2 ({Only move:} 82. h4 $1 $18) 82... Rxc7 $11 {The position is equal.} 83. Ra5 Kh7 84. Rxg5 Rg7 85. Ra5 Rb7 86. h4 Rc7 87. Kg5 Rb7 88. h5 Rc7 89. h6 Rb7 90. Ra8 Rb5+ 91. Kf6 Rb6+ 92. Kf7 Kxh6 {Weighted Error Value: White=0.34/Black=0.41} 1/2-1/2

[Event "NED-ch Women 2021"]
[Site "Hoogeveen"]
[Date "2021.10.21"]
[Round "5.1"]
[White "Kazarian, Anna-Maja"]
[Black "Van Foreest, Machteld"]
[Result "1/2-1/2"]
[WhiteElo "2125"]
[BlackElo "2132"]
[Annotator "NA"]
[PlyCount "127"]
[EventDate "2021.10.17"]
[EventType "tourn"]
[EventCountry "NED"]
[SourceTitle "playchess.com"]
[Source "ChessBase"]
[SourceQuality "1"]
[TimeControl "40/5400+30:1800+30"]

1. c4 {[%emt 0:00:03]} e5 {[%emt 0:00:50]} 2. g3 {[%emt 0:00:14]} Nf6 {[%emt 0:02:12]} 3. Bg2 {[%emt 0:00:08]} d5 {[%emt 0:00:47]} 4. cxd5 {[%emt 0:00:06]} Nxd5 {[%emt 0:00:06]} 5. Nc3 {[%emt 0:00:09]} Nb6 {[%emt 0:00:11]} 6. Nf3 {[%emt 0:00:25]} Nc6 {[%emt 0:00:05]} 7. O-O {[%emt 0:00:31]} Be7 {[%emt 0:00:14]} 8. a3 {[%emt 0:01:16]} O-O {[%emt 0:03:44]} 9. b4 {[%emt 0:02:23]} a6 {[%emt 0:00:45]} 10. d3 {[%emt 0:00:58]} Be6 {[%emt 0:00:31]} 11. Be3 {[%emt 0:05:07]} Nd5 {[%emt 0:04:40]} 12. Nxd5 {[%emt 0:07:12]} Bxd5 {[%emt 0:00:38]} 13. Qc2 {[%emt 0:03:13]} Qd7 {[%emt 0:02:23]} 14. Bc5 {[%emt 0:06:03]} Bxc5 {[%emt 0:07:24]} 15. Qxc5 {[%emt 0:00:13]} Rfe8 {[%emt 0:11:08]} 16. Rfe1 {[%emt 0:20:05]} Bxf3 {[%emt 0:09:13]} 17. Bxf3 {[%emt 0:00:48]} Nd4 {[%emt 0:22:02]} ({Black should try} 17... Nd8 $1 $14) 18. Bxb7 {[%emt 0:28:33]} Rab8 {[%emt 0:03:22]} 19. Bg2 {[%emt 0:01:32]} Nb3 {[%emt 0:01:20]} 20. Qc3 {[%emt 0:01:40]} Nxa1 {[%emt 0:04:55]} 21. Bc6 {[%emt 0:00:23]} Qd4 {[%emt 0:09:37]} 22. Qxd4 {[%emt 0:00:09]} exd4 {[%emt 0:00:01]} 23. Bxe8 {[%emt 0:00:10]} Nc2 {[%emt 0:00:06]} 24. Rc1 {[%emt 0:00:06]} Nxa3 {[%emt 0:00:06]} 25. Bd7 {[%emt 0:01:08]} Rxb4 {[%emt 0:01:47]} 26. Rxc7 {[%emt 0:00:32]} Kf8 {[%emt 0:00:50]} 27. Ra7 {[%emt 0:02:17]} Nb1 {[%emt 0:06:54]} 28. Rxa6 {[%emt 0:03:42]} Nc3 {[%emt 0:00:09]} 29. Bg4 {[%emt 0:00:46]} g6 {[%emt 0:00:47]} 30. h4 {[%emt 0:02:30]} h5 {[%emt 0:02:16]} 31. Bf3 {[%emt 0:00:09]} Ke7 {[%emt 0:00:04]} 32. Rc6 {[%emt 0:08:05]} Kd7 {[%emt 0:01:27]} 33. Rf6 {[%emt 0:03:34]} Ke7 {[%emt 0:00:06]} 34. Ra6 {[%emt 0:00:10]} Rb1+ {[%emt 0:02:08]} 35. Kg2 {[%emt 0:00:02]} Rb2 {[%emt 0:00:17]} 36. Rc6 {[%emt 0:00:24]} Nxe2 {[%emt 0:02:15]} 37. Bxe2 {[%emt 0:00:05]} Rxe2 {[%emt 0:00:04]} 38. Rc4 {[%emt 0:00:04]} Ra2 {[%emt 0:00:33]} 39. Rxd4 {[%emt 0:00:04]} f6 {[%emt 0:02:44]} 40. Kf3 {[%emt 0:00:29]} Ra5 {[%emt 0:00:32]} 41. Ke3 {[%emt 0:32:01]} g5 {[%emt 0:30:59]} 42. Rc4 {[%emt 0:00:00]} Ke6 {[%emt 0:00:00]} 43. Rc6+ {[%emt 0:00:00]} Kf5 {[%emt 0:00:00]} 44. f3 {[%emt 0:00:00]} Rb5 {[%emt 0:00:00]} 45. hxg5 {[%emt 0:00:00]} Kxg5 {[%emt 0:00:00]} 46. Rc8 {[%emt 0:00:00]} Re5+ {[%emt 0:00:00]} 47. Kd2 {[%emt 0:00:00]} Re6 {[%emt 0:00:00]} 48. d4 {[%emt 0:00:00]} Ra6 {[%emt 0:00:00]} 49. Rc2 {[%emt 0:06:19]} f5 {[%emt 0:00:12]} 50. Ke2 {[%emt 0:00:54]} Ra3 {[%emt 0:00:53]} 51. d5 {[%emt 0:00:31]} f4 {[%emt 0:03:01]} 52. d6 {[%emt 0:00:24]} Re3+ {[%emt 0:00:27]} 53. Kf2 {[%emt 0:00:25]} Rd3 {[%emt 0:00:02]} 54. Rc5+ {[%emt 0:00:37]} Kg6 {[%emt 0:00:26]} 55. gxf4 {[%emt 0:00:32]} Rxd6 {[%emt 0:00:16]} 56. Kg3 {[%emt 0:00:24]} Rf6 {[%emt 0:00:52]} 57. Rg5+ {[%emt 0:00:39]} Kh6 {[%emt 0:00:02]} 58. Re5 {[%emt 0:00:06]} Kg6 {[%emt 0:01:01]} 59. Rd5 {[%emt 0:00:20]} Rf5 {[%emt 0:00:56]} 60. Rd8 {[%emt 0:00:44]} Kg7 {[%emt 0:00:29]} 61. Rd6 {[%emt 0:00:29]} Kh7 {[%emt 0:00:08]} 62. Re6 $11 {[%emt 0:00:41]} Kg7 {[%emt 0:00:20]} 63. Re5 {[%emt 0:00:03]} Kg6 {[%emt 0:00:10]} 64. Re6+ {[%emt 0:00:25]} 1/2-1/2

[Event "NED-ch Women 2021"]
[Site "Hoogeveen"]
[Date "2021.10.21"]
[Round "5.2"]
[White "Haast, Anne"]
[Black "Ratsma, Rosa"]
[Result "1-0"]
[WhiteElo "2310"]
[BlackElo "2297"]
[Annotator "ChessBase"]
[PlyCount "91"]
[EventDate "2021.10.17"]
[EventType "tourn"]
[EventCountry "NED"]
[SourceTitle "playchess.com"]
[Source "ChessBase"]
[SourceQuality "1"]
[TimeControl "40/5400+30:1800+30"]

1. e4 {[%emt 0:00:03]} c5 {[%emt 0:00:06]} 2. Nf3 {[%emt 0:01:01]} d6 {[%emt 0:00:08]} 3. Nc3 {[%emt 0:00:41]} Nf6 {[%emt 0:00:19]} 4. e5 {[%emt 0:00:46]} dxe5 {[%emt 0:00:08]} 5. Nxe5 {[%emt 0:00:09]} a6 {[%emt 0:00:20]} 6. g3 {[%emt 0:01:17]} Qd6 {[%emt 0:00:33]} 7. Qe2 {[%emt 0:15:11]} Nc6 {[%emt 0:05:19]} 8. Nxc6 {[%emt 0:04:55]} Qxc6 {[%emt 0:00:09]} 9. Rg1 {[%emt 0:03:57]} Bg4 {[%emt 0:02:51]} 10. Bg2 {[%emt 0:01:23]} Qxg2 {[%emt 0:01:56]} 11. Rxg2 {[%emt 0:00:12]} Bxe2 {[%emt 0:00:08]} 12. Nxe2 {[%emt 0:01:12]} Nd5 {[%emt 0:03:47]} 13. b3 {[%emt 0:07:26]} Nb4 {[%emt 0:02:18]} 14. Kd1 {[%emt 0:00:34]} e5 {[%emt 0:03:33]} 15. Bb2 {[%emt 0:00:49]} Bd6 {[%emt 0:00:52]} 16. f4 {[%emt 0:09:53]} Nc6 {[%emt 0:02:03]} 17. Nc3 {[%emt 0:01:22]} f5 {[%emt 0:16:04]} 18. Nd5 {[%emt 0:05:12]} O-O {[%emt 0:05:05]} 19. c4 {[%emt 0:00:59]} b5 {[%emt 0:09:37]} 20. Kc2 {[%emt 0:02:57]} bxc4 {[%emt 0:04:59]} 21. bxc4 {[%emt 0:00:08]} Rf7 {[%emt 0:02:09]} 22. Re1 {[%emt 0:02:49]} e4 {[%emt 0:03:30]} 23. g4 {[%emt 0:02:26]} Na5 {[%emt 0:10:03]} 24. gxf5 {[%emt 0:08:53]} Nxc4 {[%emt 0:00:27]} 25. Bc3 {[%emt 0:00:50]} Na3+ {[%emt 0:03:28]} 26. Kd1 {[%emt 0:03:35]} Nb5 {[%emt 0:03:36]} 27. Be5 {[%emt 0:02:44]} Rd8 {[%emt 0:03:06]} 28. Rxe4 {[%emt 0:02:05]} Bxe5 {[%emt 0:01:24]} 29. Rxe5 {[%emt 0:00:09]} Kf8 {[%emt 0:01:55]} 30. Ne3 {[%emt 0:05:19]} Rc7 {[%emt 0:00:23]} 31. Ke1 {[%emt 0:04:00]} Nd4 {[%emt 0:00:35]} 32. Rg3 {[%emt 0:04:22]} Rc6 {[%emt 0:04:11]} 33. Nc4 {[%emt 0:03:02]} Kf7 {[%emt 0:01:36]} 34. Rc3 {[%emt 0:01:15]} Rh6 {[%emt 0:03:27]} 35. h3 {[%emt 0:01:13]} Rc8 {[%emt 0:02:12]} 36. Kf2 {[%emt 0:00:45]} Rc7 {[%emt 0:01:52]} 37. Kg2 {[%emt 0:00:59]} Rhc6 {[%emt 0:02:31]} 38. Rd5 {[%emt 0:01:22]} Rf6 {[%emt 0:01:25]} 39. Rxd4 {[%emt 0:01:20]} cxd4 {[%emt 0:00:44]} 40. Ne5+ {[%emt 0:00:13]} Kf8 {[%emt 0:00:21]} 41. Rxc7 {[%emt 0:30:20]} Rxf5 {[%emt 0:30:13]} 42. Kf3 {[%emt 0:00:00]} g5 {[%emt 0:00:00]} 43. Nd3 {[%emt 0:00:00]} gxf4 {[%emt 0:00:00]} 44. Nxf4 {[%emt 0:00:00]} Ra5 {[%emt 0:00:00]} 45. Rxh7 {[%emt 0:00:00]} Rxa2 {[%emt 0:00:00]} 46. d3 {[%emt 0:00:00]} 1-0

[Event "NED-ch Women 2021"]
[Site "Hoogeveen"]
[Date "2021.10.21"]
[Round "5.3"]
[White "Peng, Zhaoqin"]
[Black "Roebers, Eline"]
[Result "0-1"]
[WhiteElo "2359"]
[BlackElo "2283"]
[Annotator "ChessBase"]
[PlyCount "116"]
[EventDate "2021.10.17"]
[EventType "tourn"]
[EventCountry "NED"]
[SourceTitle "playchess.com"]
[Source "ChessBase"]
[SourceQuality "1"]
[TimeControl "40/5400+30:1800+30"]

1. d4 {[%emt 0:00:03]} f5 {[%emt 0:00:03]} 2. Nf3 {[%emt 0:00:25]} Nf6 {[%emt 0:00:05]} 3. g3 {[%emt 0:00:27]} g6 {[%emt 0:00:06]} 4. Bg2 {[%emt 0:00:04]} Bg7 {[%emt 0:00:04]} 5. c4 {[%emt 0:00:47]} O-O {[%emt 0:00:06]} 6. Nc3 {[%emt 0:00:10]} d6 {[%emt 0:00:07]} 7. O-O {[%emt 0:00:15]} Qe8 {[%emt 0:00:36]} 8. b3 {[%emt 0:00:26]} Na6 {[%emt 0:00:45]} 9. Ba3 {[%emt 0:01:11]} c6 {[%emt 0:01:17]} 10. Qd3 {[%emt 0:00:39]} Rb8 {[%emt 0:00:23]} 11. e4 {[%emt 0:00:24]} fxe4 {[%emt 0:00:34]} 12. Nxe4 {[%emt 0:00:05]} Bf5 {[%emt 0:10:57]} 13. Nxf6+ {[%emt 0:00:11]} Bxf6 {[%emt 0:00:03]} 14. Qd2 {[%emt 0:00:30]} b5 {[%emt 0:10:57]} 15. Rfe1 {[%emt 0:03:17]} Qd7 {[%emt 0:06:01]} 16. Rac1 {[%emt 0:00:25]} Nc7 {[%emt 0:10:56]} 17. cxb5 {[%emt 0:02:02]} Nxb5 {[%emt 0:09:04]} 18. Bb2 {[%emt 0:00:10]} Nc7 {[%emt 0:01:45]} 19. Rc4 {[%emt 0:11:05]} Be6 {[%emt 0:04:01]} 20. Ra4 {[%emt 0:02:00]} Nd5 {[%emt 0:07:09]} 21. Ng5 {[%emt 0:06:55]} Bg4 {[%emt 0:02:53]} 22. h3 {[%emt 0:16:02]} Bxg5 {[%emt 0:03:42]} 23. Bxd5+ {[%emt 0:02:44]} cxd5 {[%emt 0:00:09]} 24. Qxg5 {[%emt 0:00:02]} Bf3 {[%emt 0:01:45]} 25. g4 {[%emt 0:08:13]} Rf7 {[%emt 0:06:25]} 26. Bc1 {[%emt 0:06:43]} Rbf8 {[%emt 0:01:17]} 27. Qh4 {[%emt 0:05:56]} Be4 {[%emt 0:03:34]} 28. Bh6 {[%emt 0:00:45]} Rc8 {[%emt 0:00:31]} 29. Rxe4 {[%emt 0:12:13]} dxe4 {[%emt 0:00:11]} 30. d5 {[%emt 0:00:01]} Qb7 {[%emt 0:06:44]} 31. Rxe4 {[%emt 0:01:27]} Qxd5 {[%emt 0:02:33]} 32. Rxe7 {[%emt 0:02:01]} g5 {[%emt 0:01:51]} 33. Qxg5+ {[%emt 0:00:06]} Qxg5 {[%emt 0:00:06]} 34. Bxg5 {[%emt 0:00:08]} Rxe7 {[%emt 0:00:04]} 35. Bxe7 {[%emt 0:00:03]} d5 {[%emt 0:00:17]} 36. b4 {[%emt 0:12:40]} Rc2 {[%emt 0:02:52]} 37. Bc5 {[%emt 0:06:09]} a5 {[%emt 0:02:02]} 38. a3 {[%emt 0:01:35]} a4 {[%emt 0:01:17]} 39. Bd6 {[%emt 0:01:06]} d4 {[%emt 0:04:59]} 40. Kf1 {[%emt 0:00:00]} d3 {[%emt 0:00:00]} 41. Ke1 {[%emt 0:17:47]} Kf7 {[%emt 0:01:22]} 42. f4 {[%emt 0:02:28]} Ke6 {[%emt 0:00:09]} 43. Bf8 {[%emt 0:03:23]} Kd5 {[%emt 0:08:50]} 44. f5 {[%emt 0:00:53]} Kc4 {[%emt 0:05:47]} 45. b5 {[%emt 0:04:27]} Rb2 {[%emt 0:07:17]} 46. Bg7 {[%emt 0:01:48]} Rxb5 {[%emt 0:02:18]} 47. Kd2 {[%emt 0:01:31]} Rb1 {[%emt 0:03:18]} 48. Bc3 {[%emt 0:01:46]} Rh1 {[%emt 0:00:50]} 49. Bb4 {[%emt 0:00:10]} Rxh3 {[%emt 0:00:30]} 50. f6 {[%emt 0:00:38]} Rf3 {[%emt 0:00:16]} 51. g5 {[%emt 0:00:13]} Kd4 {[%emt 0:00:30]} 52. Bc3+ {[%emt 0:00:53]} Ke4 {[%emt 0:00:07]} 53. Bb4 {[%emt 0:00:24]} Rf2+ {[%emt 0:00:17]} 54. Kd1 {[%emt 0:00:27]} Kd5 {[%emt 0:04:26]} 55. Be1 {[%emt 0:00:33]} Rf5 {[%emt 0:00:28]} 56. Bb4 {[%emt 0:00:45]} Ke6 {[%emt 0:00:13]} 57. Bd2 {[%emt 0:00:07]} Rf1+ {[%emt 0:00:47]} 58. Be1 {[%emt 0:00:08]} Rg1 {[%emt 0:00:26]} 0-1